01357nab a22002297a 4500003000400000005001700004008004100021040000700062100002900069245009600098260007300194300001300267500003500280505047700315505008100792650001800873650001200891650001700903650002900920700002400949773015400973OSt20260203101353.0190429b xxu||||| |||| 00| 0 spa d cPJ aPalandri, José María13aLa disminución de la pena en la tentativa /cJosé María Palandri, Julio E. Chiappini. cCiudad Autónoma de Buenos Aires :aThomson Reuters La Ley, b2023. ap. 43-52 aCita Online: AR/DOC/2682/2023. aSumario: I. El art. 44 del Cód. Penal.— II. Reducción de la pena ya dosificada. Jofré y Soler.— III. Reducción de la escala penal. González Roura y jurisprudencia plenaria.— IV. La versión de Fontán Balestra.— V. Reducción de la escala penal. Variante Gómez y Núñez.— VI. La interpretación de Zaffaroni.— VII. Tabla comparativa de las distintas teorías.— VIII. Nuestra opinión.— IX. Mala redacción legal y derecho comparado.  tSi te interesa el texto completo, solicitalo a koha@justierradelfuego.gov.ar 0aDERECHO PENAL 0aDELITOS 0aESCALA PENAL 0aDISMINUCIÓN DE LA PENA aChiappini, Julio E.0 02658tRevista de derecho penal y criminología. Nº 11 - Diciembre 2023dCiudad Autónoma de Buenos Aires : Thomson Reuters La Ley, 2017-x00347914